[Event "38th ECC Open 2023"]
[Site "Durres ALB"]
[Date "2023.10.07"]
[Round "7.1"]
[White "Keymer, Vincent"]
[Black "Rapport, Richard"]
[Result "1/2-1/2"]
[WhiteElo "2717"]
[BlackElo "2752"]
[EventDate "2022.10.01"]
[Board "1"]

1. d4 Nf6 2. c4 g6 3. Nc3 Bg7 4. Nf3 O-O 5. e4 d6 6. Be2 e5 7. O-O Na6 8.
Be3 c6 9. h3 exd4 10. Nxd4 Re8 11. Bf3 Nc5 12. Qc2 h6 13. Nb3 Nh7 14. Rfd1
Qh4 15. Rxd6 Nxb3 16. axb3 Be5 17. Rd3 Ng5 18. Qd1 f5 19. Bxg5 Qxg5 20. Qd2
f4 21. Kf1 Be6 22. Rd1 h5 23. Ne2 Qf6 24. Qc2 a5 25. R1d2 Kg7 26. c5 Red8
27. Nc1 Re8 28. Ne2 Red8 29. Nc1 Rh8 30. Ne2 Rad8 31. Nc1 Ra8 32. Be2 Rae8
33. Rf3 Bg4 34. Rfd3 Bc8 35. b4 axb4 36. Nb3 Rd8 37. Qc4 Rxd3 38. Rxd3 Rd8
39. Nc1 Bxb2 40. Qxb4 Bxc1 41. Rxd8 Qxd8 42. Qc3+ Qf6 43. Qxc1 Qe5 44. Bf3
Kf7 45. Kg1 Ke7 46. Qc4 Be6 1/2-1/2

[Event "38th ECC Open 2023"]
[Site "Durres ALB"]
[Date "2023.10.07"]
[Round "7.1"]
[White "Anand, Viswanathan"]
[Black "Grandelius, Nils"]
[Result "1/2-1/2"]
[WhiteElo "2754"]
[BlackElo "2689"]
[EventDate "2022.10.01"]
[Board "2"]

1. e4 e5 2. Nf3 Nc6 3. Bb5 a6 4. Ba4 Bc5 5. c3 Nge7 6. d4 exd4 7. cxd4 Bb4+
8. Bd2 Bxd2+ 9. Nbxd2 d5 10. e5 O-O 11. O-O f6 12. Rc1 Bg4 13. Bxc6 Nxc6
14. Qb3 fxe5 15. dxe5 Rb8 16. Qe3 d4 17. Qb3+ Kh8 18. h3 Bxf3 19. Nxf3 d3
20. Rfd1 Rxf3 21. gxf3 Qg5+ 22. Kf1 Nxe5 23. Rc5 Qf5 24. Rxe5 Qxe5 25. Rxd3
h6 26. Re3 Qf5 27. Kg2 Rd8 28. Re4 b5 29. a4 bxa4 30. Qxa4 Rf8 31. Qa3 Rf6
32. Qe3 Kh7 33. b4 a5 34. bxa5 Qxa5 35. Rg4 Qf5 36. Qe4 c5 37. Qxf5+ Rxf5
38. Rc4 Kg6 39. f4 Kf6 40. Kf3 Ke6 41. Ke4 1/2-1/2

[Event "38th ECC Open 2023"]
[Site "Durres ALB"]
[Date "2023.10.07"]
[Round "7.1"]
[White "Navara, David"]
[Black "Deac, Bogdan-Daniel"]
[Result "1/2-1/2"]
[WhiteElo "2689"]
[BlackElo "2701"]
[EventDate "2022.10.01"]
[Board "3"]

1. e4 e5 2. Nf3 Nc6 3. Bb5 a6 4. Ba4 Nf6 5. O-O Be7 6. Re1 b5 7. Bb3 O-O 8.
a4 Rb8 9. axb5 axb5 10. d3 d6 11. Nc3 Nb4 12. Ne2 c5 13. c3 Nc6 14. Ng3 b4
15. Bg5 bxc3 16. bxc3 Ng4 17. Bxe7 Qxe7 18. Bd5 Qc7 19. d4 cxd4 20. cxd4
Nxd4 21. Nxd4 exd4 22. Qxd4 Qb6 23. Qxb6 Rxb6 24. Ra7 Nf6 25. Ba2 Rb7 26.
Rxb7 Bxb7 27. f3 Ra8 28. Bb3 g6 29. Rd1 Ra6 30. Rb1 d5 1/2-1/2

[Event "38th ECC Open 2023"]
[Site "Durres ALB"]
[Date "2023.10.07"]
[Round "7.1"]
[White "Van Foreest, Jorden"]
[Black "Nguyen, Thai Dai Van"]
[Result "1-0"]
[WhiteElo "2707"]
[BlackElo "2618"]
[EventDate "2022.10.01"]
[Board "4"]

1. d4 Nf6 2. c4 e6 3. Nc3 Bb4 4. e3 O-O 5. Bd2 d5 6. a3 Be7 7. Nf3 b6 8.
cxd5 exd5 9. g3 c5 10. Bg2 Nc6 11. O-O Bb7 12. Re1 Re8 13. Rc1 Bf8 14. h4
h6 15. Ne2 c4 16. Nh2 b5 17. Nc3 a6 18. Ng4 Ne4 19. Nxe4 dxe4 20. f3 exf3
21. Qxf3 Bd6 22. Rf1 Qd7 23. Bc3 h5 24. Nf6+ gxf6 25. d5 Ne5 26. Qxf6 Qe7
27. Qh6 Qf8 28. Qxh5 f6 29. Rf4 Qf7 30. Qh6 Bc5 31. Rxf6 Bxe3+ 32. Qxe3
Qxf6 33. Rf1 Nf3+ 34. Rxf3 Rxe3 35. Rxf6 Rxg3 36. Kf2 Rg4 37. Bh3 Rxh4 38.
Be6+ Kh7 39. Rf7+ 1-0

[Event "38th ECC Open 2023"]
[Site "Durres ALB"]
[Date "2023.10.07"]
[Round "7.1"]
[White "Anton Guijarro, David"]
[Black "Fedoseev, Vladimir"]
[Result "1-0"]
[WhiteElo "2653"]
[BlackElo "2691"]
[EventDate "2022.10.01"]
[Board "5"]

1. e4 c5 2. Nf3 Nc6 3. Bb5 g6 4. Bxc6 dxc6 5. d3 Qc7 6. O-O Bg7 7. a4 a5 8.
Na3 Nf6 9. h3 Nd7 10. c3 b6 11. Be3 Ba6 12. Qc2 O-O 13. Rfd1 Rfd8 14. d4
cxd4 15. cxd4 Rac8 16. Rac1 Qb8 17. Nc4 h6 18. Qb3 e6 19. e5 Bxc4 20. Rxc4
c5 21. dxc5 bxc5 22. Qxb8 Rxb8 23. Rc2 Nxe5 24. Rxd8+ Rxd8 25. Rxc5 Rd1+
26. Kh2 Rd5 27. Rxd5 Nxf3+ 28. Kg3 exd5 29. Kxf3 Bxb2 30. Bxh6 Bf6 31. Ke3
Be7 32. Kd4 g5 33. f4 f6 34. h4 gxh4 35. f5 Bb4 36. Kxd5 Kf7 37. Be3 Be1
38. Kd6 Bb4+ 39. Kd7 Be1 40. Bd4 Bb4 41. Bf2 h3 42. gxh3 Bc3 43. Kc6 Kg7
44. Be3 1-0

[Event "38th ECC Open 2023"]
[Site "Durres ALB"]
[Date "2023.10.07"]
[Round "7.1"]
[White "Shevchenko, Kirill"]
[Black "Bartel, Mateusz"]
[Result "0-1"]
[WhiteElo "2671"]
[BlackElo "2651"]
[EventDate "2022.10.01"]
[Board "6"]

1. e4 e5 2. Nf3 Nc6 3. Bc4 Nf6 4. Ng5 d5 5. exd5 Na5 6. Bb5+ c6 7. dxc6
bxc6 8. Bd3 Nd5 9. Nf3 Bd6 10. O-O Nf4 11. Nc3 Nxd3 12. cxd3 O-O 13. Re1 c5
14. b3 Nc6 15. Ne4 Bg4 16. h3 Bxf3 17. Qxf3 Nd4 18. Qd1 Be7 19. Bb2 f5 20.
Ng3 f4 21. Bxd4 exd4 22. Ne4 f3 23. Qc2 fxg2 24. Kxg2 Kh8 25. Qc4 Rb8 26.
Ng3 Bh4 27. Qe6 Rb6 28. Qe4 Rbf6 29. Re2 Rf4 30. Qe5 Qa8+ 31. Ne4 R4f5 32.
Qd6 R8f6 33. Qd7 Rxf2+ 34. Rxf2 Rxf2+ 35. Kg1 Qb8 36. Qd6 Qxd6 37. Nxd6
Rxd2 38. Rf1 Kg8 39. Rf3 Rxa2 40. Rf5 Be7 41. Nc4 Ra1+ 42. Kf2 Rh1 43. Rf3
Bh4+ 44. Ke2 g6 45. Nd6 Rb1 46. Ne4 Rxb3 47. Nxc5 Rb5 48. Ne4 Rb2+ 49. Kd1
Be7 50. Kc1 Rh2 51. Nf2 h5 52. Ne4 Kg7 53. Kd1 a5 0-1

[Event "38th ECC Open 2023"]
[Site "Durres ALB"]
[Date "2023.10.07"]
[Round "7.2"]
[White "Carlsen, Magnus"]
[Black "Vachier-Lagrave, Maxime"]
[Result "1/2-1/2"]
[WhiteElo "2839"]
[BlackElo "2727"]
[EventDate "2022.10.01"]
[Board "1"]

1. d4 d5 2. Nf3 Nf6 3. c4 dxc4 4. Qa4+ Nc6 5. e3 Nd7 6. Bxc4 Nb6 7. Qb3
Nxc4 8. Qxc4 Be6 9. Qe2 Qd5 10. Nbd2 f5 11. O-O O-O-O 12. b4 Nxb4 13. a4
Qd6 14. Ba3 Qa6 15. Qd1 Nd3 16. Qc2 Bd5 17. Rfb1 e5 18. Nxe5 Nxe5 19. Qxf5+
Qe6 20. Qxe5 Qxe5 21. dxe5 Bxa3 22. Rxa3 Bxg2 23. Kxg2 Rxd2 24. Kg3 Rf8 25.
f4 g5 26. a5 gxf4+ 27. exf4 Rd4 28. Rf3 Rf5 29. Re1 Kd7 30. e6+ Ke7 31. Rc3
c5 32. Rb3 b6 33. axb6 axb6 34. Rxb6 Rfxf4 35. Rb7+ Ke8 36. Rb8+ Ke7 37.
Rb7+ Ke8 38. Re5 Rg4+ 39. Kf3 Rdf4+ 40. Ke3 Rb4 41. Rxh7 Rh4 42. Rxh4 Rxh4
43. Rxc5 Rxh2 44. Rc7 Rh6 45. e7 Re6+ 46. Kd4 Rxe7 47. Rxe7+ Kxe7 48. Ke4
1/2-1/2

[Event "38th ECC Open 2023"]
[Site "Durres ALB"]
[Date "2023.10.07"]
[Round "7.2"]
[White "Martirosyan, Haik M."]
[Black "Sadhwani, Raunak"]
[Result "1/2-1/2"]
[WhiteElo "2696"]
[BlackElo "2641"]
[EventDate "2022.10.01"]
[Board "2"]

1. e4 e5 2. Nf3 Nc6 3. Bb5 Nf6 4. O-O Nxe4 5. d4 Nd6 6. Bxc6 dxc6 7. dxe5
Nf5 8. Qxd8+ Kxd8 9. h3 Ke8 10. Nc3 h5 11. Bg5 Be7 12. Ne2 Be6 13. Nf4 Rd8
14. Bxe7 Kxe7 15. Ng5 Bc4 16. Rfe1 Rh6 17. b3 Be6 18. Ngxe6 fxe6 19. Rad1
Rxd1 20. Rxd1 c5 21. Nd3 b6 22. b4 c4 23. Nf4 a6 24. a4 Ke8 25. b5 axb5 26.
axb5 g5 27. Ne2 Rh7 28. c3 Rd7 29. Rxd7 Kxd7 30. f4 g4 31. hxg4 hxg4 32.
Kf2 c6 33. bxc6+ Kxc6 34. Ng3 Nxg3 35. Kxg3 1/2-1/2

[Event "38th ECC Open 2023"]
[Site "Durres ALB"]
[Date "2023.10.07"]
[Round "7.2"]
[White "Tari, Aryan"]
[Black "Moussard, Jules"]
[Result "1-0"]
[WhiteElo "2619"]
[BlackElo "2642"]
[EventDate "2022.10.01"]
[Board "3"]

1. e4 c5 2. Nf3 d6 3. d4 cxd4 4. Nxd4 Nf6 5. Nc3 a6 6. h3 e5 7. Nf3 Be7 8.
g4 b5 9. g5 Nfd7 10. Be3 Bb7 11. a4 b4 12. Nd5 Nc5 13. Bxc5 dxc5 14. h4 Nc6
15. Bc4 h6 16. Rg1 hxg5 17. hxg5 g6 18. Qe2 Nd4 19. Nxd4 cxd4 20. f4 exf4
21. O-O-O Bxg5 22. Qg4 Rh5 23. Kb1 Qc8 24. Qe2 f3 25. Qd3 Qc5 26. Rdf1 Be3
27. Nxe3 dxe3 28. Bxf7+ Ke7 29. Rxf3 Rf5 30. exf5 Bxf3 31. Rxg6 Bc6 32. Bb3
Rh8 33. Re6+ 1-0

[Event "38th ECC Open 2023"]
[Site "Durres ALB"]
[Date "2023.10.07"]
[Round "7.2"]
[White "Oparin, Grigoriy"]
[Black "Pranav, V"]
[Result "0-1"]
[WhiteElo "2681"]
[BlackElo "2579"]
[EventDate "2022.10.01"]
[Board "4"]

1. e4 e5 2. Nf3 Nc6 3. Bc4 Nf6 4. d3 h6 5. O-O d6 6. a4 g6 7. a5 a6 8. d4
Bg4 9. dxe5 dxe5 10. Nbd2 Bg7 11. c3 O-O 12. h3 Bc8 13. b4 Ne8 14. Qe2 Nd6
15. Bd5 Qe8 16. Rd1 Kh7 17. Nc4 Nxc4 18. Qxc4 f5 19. Be3 Rf6 20. exf5 gxf5
21. Qh4 f4 22. Ng5+ Kh8 23. Bxc6 bxc6 24. Ne4 Qg6 25. f3 fxe3 26. Nxf6 Bxf6
27. Qe4 Qxe4 28. fxe4 Bh4 29. g3 Bxg3 30. Kg2 Bf2 31. Rd8+ Kg7 32. Rad1 Bh4
0-1

[Event "38th ECC Open 2023"]
[Site "Durres ALB"]
[Date "2023.10.07"]
[Round "7.2"]
[White "Cornette, Matthieu"]
[Black "Urkedal, Frode Olav Olsen"]
[Result "1-0"]
[WhiteElo "2581"]
[BlackElo "2519"]
[EventDate "2022.10.01"]
[Board "6"]

1. e4 e5 2. Nf3 Nc6 3. Bb5 Nf6 4. O-O Nxe4 5. Re1 Nd6 6. Nxe5 Be7 7. Bf1
Nxe5 8. Rxe5 O-O 9. d4 Bf6 10. Re1 Re8 11. Nc3 Rxe1 12. Qxe1 Bxd4 13. Bf4
Ne8 14. Nd5 d6 15. Bg5 f6 16. Bh4 Bxb2 17. Rb1 Be5 18. f4 Bd4+ 19. Kh1 Kh8
20. Bd3 c6 21. Ne7 d5 22. Qe2 h6 23. Ng6+ Kg8 24. Rxb7 Nd6 25. Ne7+ Kf8 26.
Ng6+ Kg8 27. Ne7+ Kf8 28. Nxc6 Qe8 29. Qxe8+ Nxe8 30. Rb5 Be3 31. Be1 Nc7
32. Rb4 Bd7 33. Rb7 Bxc6 34. Bb4+ Kg8 35. Rxc7 Be8 36. g3 Bb6 37. Re7 Bf7
38. Kg2 a5 39. Bd6 Bd8 40. Rb7 d4 41. Rb2 Bd5+ 42. Kf2 Kf7 43. Bc5 a4 44.
a3 g5 45. f5 Ra5 46. Bxd4 Be7 47. c4 Bc6 48. Rb6 Bd7 49. g4 h5 50. h3 hxg4
51. hxg4 Bxa3 52. Rxf6+ Ke8 53. Rg6 Bc5 54. Bxc5 Rxc5 55. Ra6 Re5 56. Kf3
Kf7 57. Bc2 Re1 58. Ra7 Re7 59. Ra6 Re1 60. Bxa4 Bxa4 61. Rxa4 Rf1+ 62. Ke4
Rf4+ 63. Ke5 Rxg4 64. Ra7+ Kg8 65. Kf6 Rxc4 66. Kg6 Rc8 67. f6 g4 68. Rg7+
Kf8 69. Rh7 1-0

[Event "38th ECC Open 2023"]
[Site "Durres ALB"]
[Date "2023.10.07"]
[Round "7.3"]
[White "Sanal, Vahap"]
[Black "Donchenko, Alexander"]
[Result "1-0"]
[WhiteElo "2603"]
[BlackElo "2676"]
[EventDate "2022.10.01"]
[Board "1"]

1. e4 c5 2. Nf3 d6 3. d4 cxd4 4. Nxd4 Nf6 5. Nc3 a6 6. a4 e5 7. Nf3 h6 8.
g3 Be7 9. Bg2 O-O 10. O-O Nc6 11. Re1 Nb4 12. Be3 Be6 13. a5 Rc8 14. Ra4 d5
15. exd5 Nfxd5 16. Nxd5 Nxd5 17. Bd2 e4 18. Rexe4 Bf5 19. Rec4 Bc5 20. Nd4
Bxd4 21. Rxd4 Bxc2 22. Qa1 Bxa4 23. Qxa4 Rc5 24. Qb3 Rb5 25. Qd3 Rxb2 26.
Bxd5 Qc8 27. Bc3 Rb5 28. Rc4 Qd8 29. Rg4 1-0

[Event "38th ECC Open 2023"]
[Site "Durres ALB"]
[Date "2023.10.07"]
[Round "7.3"]
[White "Vallejo Pons, Francisco"]
[Black "Yilmaz, Mustafa"]
[Result "0-1"]
[WhiteElo "2680"]
[BlackElo "2640"]
[EventDate "2022.10.01"]
[Board "2"]

1. e4 c5 2. Nf3 d6 3. d4 cxd4 4. Nxd4 Nf6 5. Nc3 a6 6. Qd3 g6 7. g3 Bg7 8.
Bg2 O-O 9. b3 Nc6 10. Nxc6 bxc6 11. Bb2 Qa5 12. Qd2 d5 13. e5 Nd7 14. f4
Qc7 15. Na4 a5 16. h4 Nb6 17. Nxb6 Qxb6 18. Bd4 c5 19. Bf2 Bb7 20. h5 d4
21. Kf1 a4 22. h6 Bh8 23. b4 f6 24. exf6 Bxf6 25. bxc5 Bxg2+ 26. Kxg2 Qc6+
27. Kh2 Qxc5 28. Rad1 Rfd8 29. Qe2 Rac8 30. Rd2 Qc4 31. g4 g5 32. fxg5 Bxg5
33. Qe5 Bxh6 0-1

[Event "38th ECC Open 2023"]
[Site "Durres ALB"]
[Date "2023.10.07"]
[Round "7.3"]
[White "Can, Emre"]
[Black "Bluebaum, Matthias"]
[Result "0-1"]
[WhiteElo "2576"]
[BlackElo "2668"]
[EventDate "2022.10.01"]
[Board "3"]

1. d4 Nf6 2. c4 e6 3. Nf3 d5 4. g3 dxc4 5. Bg2 Nc6 6. O-O Rb8 7. Nc3 Bb4 8.
Qc2 O-O 9. Rd1 Re8 10. e4 h6 11. g4 Nh7 12. Bf4 Bd6 13. e5 Bf8 14. Ne4 Nb4
15. Qxc4 b6 16. Bd2 Qd5 17. Qxd5 exd5 18. Nc3 Bxg4 19. Bf4 c5 20. Rd2 Red8
21. dxc5 bxc5 22. a3 Nc6 23. e6 Rb7 24. exf7+ Rxf7 25. Ne5 Nxe5 26. Bxe5 d4
27. Ne4 Ng5 28. Nxg5 hxg5 29. Rc1 Rf5 30. Bc7 Rd7 31. Bg3 Bf3 32. Bf1 Rf6
33. Bb5 Bc6 34. Bc4+ Bd5 35. b4 Bxc4 36. Rxc4 cxb4 37. axb4 d3 38. Be5 Re6
39. Bc3 Red6 40. Kg2 Rd5 41. Kf3 Bd6 42. h4 Be7 43. hxg5 Bxg5 44. Rd1 d2
45. Ke4 Bf6 46. Bxf6 gxf6 47. Rc2 Rd3 48. Rc7 f5+ 0-1

[Event "38th ECC Open 2023"]
[Site "Durres ALB"]
[Date "2023.10.07"]
[Round "7.3"]
[White "Cheparinov, Ivan"]
[Black "Gokerkan, Cem Kaan"]
[Result "1/2-1/2"]
[WhiteElo "2658"]
[BlackElo "2515"]
[EventDate "2022.10.01"]
[Board "4"]

1. e4 e5 2. Nf3 Nf6 3. Nxe5 d6 4. Nf3 Nxe4 5. d4 d5 6. Bd3 Bd6 7. O-O O-O
8. c4 c6 9. Re1 Bf5 10. Qb3 Qd7 11. c5 Bc7 12. g3 Qc8 13. Nc3 Nxc3 14. Qxc3
Bxd3 15. Qxd3 Nd7 16. Nh4 Re8 17. Bg5 g6 18. Nf3 Nf8 19. Rxe8 Qxe8 20. Re1
Ne6 21. Bf6 Bd8 22. Bxd8 Qxd8 23. b4 Qf6 24. a4 a5 25. b5 cxb5 26. axb5 a4
27. Re2 g5 28. h3 Qg6 29. Qa3 Qb1+ 30. Kg2 Qxb5 31. Rb2 Qc4 32. Rxb7 Qc2
33. c6 Rf8 34. Qe7 Qxc6 35. Nxg5 Qc2 36. Nxe6 Qe4+ 37. Kh2 Qxe6 38. Qg5+
Kh8 39. Ra7 Qc6 40. Qe5+ Kg8 41. Qg5+ Kh8 42. Kg2 h6 43. Qf5 Kg8 44. h4 Kg7
45. Kh3 Kg8 46. Kg4 Kg7 47. Kh3 Kg8 48. Kg2 Kg7 49. Qg4+ Kh8 50. Qe2 Kh7
51. Qd1 Qe8 52. Rxa4 Qe4+ 53. Qf3 Kg6 54. Ra6+ Kg7 55. Qxe4 dxe4 56. g4 f5
57. Ra7+ Kg6 58. Ra6+ Kg7 59. Re6 fxg4 60. Rxe4 h5 61. d5 Rf5 62. Rd4 Kf7
63. d6 Ke8 64. d7+ Kd8 65. Rd3 Ra5 66. Rd4 Rf5 67. Rd2 Ra5 68. Kg3 Rf5 69.
Rd3 Rf6 70. Rd5 Rf3+ 71. Kg2 Rh3 72. Rxh5 Kxd7 73. Re5 Kd6 74. Re8 Rxh4 75.
Kg3 Rh7 76. Kxg4 Rg7+ 77. Kf4 Rf7+ 78. Ke3 Kd7 79. Re4 Kd6 80. f3 Kd7 81.
Kf2 Rg7 82. Re5 Kd6 83. Re8 Kd7 84. Re4 Kd6 85. Ke2 Rf7 86. Ke3 Kd7 87. Kd4
1/2-1/2

[Event "38th ECC Open 2023"]
[Site "Durres ALB"]
[Date "2023.10.07"]
[Round "7.3"]
[White "Kilic, Eray"]
[Black "Santos Latasa, Jaime"]
[Result "1-0"]
[WhiteElo "2432"]
[BlackElo "2650"]
[EventDate "2022.10.01"]
[Board "5"]

1. e4 c5 2. Nf3 d6 3. Bb5+ Nd7 4. d4 cxd4 5. Nxd4 Nf6 6. O-O a6 7. Bd3 Nc5
8. Nc3 e6 9. Be3 Be7 10. f4 O-O 11. Nb3 Nxd3 12. cxd3 e5 13. f5 d5 14. Bg5
dxe4 15. Bxf6 Bxf6 16. dxe4 Bd7 17. Qe2 Bc6 18. Rfd1 Qb6+ 19. Qf2 Qb4 20.
Qc5 Qxc5+ 21. Nxc5 Rfd8 22. Nd5 Bg5 23. Kf2 h5 24. Nb6 Rxd1 25. Rxd1 Re8
26. Nd5 Rc8 27. Nb6 Rd8 28. Rxd8+ Bxd8 29. Nd5 a5 30. Kf3 Kf8 31. Nd3 Bf6
32. Nxf6 gxf6 33. Nf2 Kg7 34. h4 Bb5 35. Nh1 Bc4 36. Ng3 Kh6 37. b3 Bd3 38.
Ke3 Ba6 39. a3 Bb5 40. a4 Bc6 41. Ne2 b5 42. Nc3 bxa4 43. bxa4 Kg7 44. Kd3
Kf8 45. Kc4 Ke7 46. Kc5 Kd7 47. Nd5 Bb7 48. Nxf6+ Ke7 49. Nd5+ Kd7 50. Nc3
Bc6 51. Kb6 Kd6 52. f6 Ba8 53. g3 Bc6 54. Kxa5 Kc5 55. Ka6 Kd4 56. Kb6 Ba8
57. Nb5+ Kxe4 58. Nd6+ Kd5 59. Nxf7 Ke6 60. Nxe5 Kxf6 61. Nd3 Kf5 62. Nf4
Kg4 63. Nxh5 Kxh5 64. a5 Kg4 65. a6 Be4 66. a7 Bf3 67. Kc7 1-0

[Event "38th ECC Open 2023"]
[Site "Durres ALB"]
[Date "2023.10.07"]
[Round "7.3"]
[White "Gurel, Ediz"]
[Black "Ozen, Deniz"]
[Result "1-0"]
[WhiteElo "2514"]
[BlackElo "2382"]
[EventDate "2022.10.01"]
[Board "6"]

1. e4 e5 2. Nf3 Nf6 3. d4 Nxe4 4. Bd3 d5 5. Nxe5 Nd7 6. Nc3 Nxe5 7. dxe5
Nc5 8. Nxd5 Nxd3+ 9. Qxd3 c6 10. Nc3 Qxd3 11. cxd3 Bf5 12. d4 O-O-O 13. Be3
Bb4 14. Ke2 f6 15. exf6 gxf6 16. f3 Rhe8 17. Kf2 Re7 18. g4 Bg6 19. Rac1
Rde8 20. Nd5 Re6 21. Nxb4 Rxe3 22. Nd5 Re2+ 23. Kg3 Rf8 24. h4 Rxb2 25. h5
Be8 26. Rhe1 Bd7 27. Ne7+ Kc7 28. d5 Rxa2 29. dxc6 bxc6 30. Nd5+ Kd8 31.
Nb4 Rd2 32. Nxc6+ Bxc6 33. Rxc6 f5 34. g5 f4+ 35. Kh3 Rd5 36. Kg4 Rff5 37.
Rd6+ Rxd6 38. Kxf5 Rd5+ 39. Kf6 Rd3 40. g6 hxg6 41. hxg6 Rxf3 42. Rg1 Re3
43. g7 Re8 44. g8=Q Rxg8 45. Rxg8+ Kc7 46. Ke5 1-0

[Event "38th ECC Open 2023"]
[Site "Durres ALB"]
[Date "2023.10.07"]
[Round "7.4"]
[White "Nihal, Sarin"]
[Black "Sarana, Alexey"]
[Result "1/2-1/2"]
[WhiteElo "2694"]
[BlackElo "2682"]
[EventDate "2022.10.01"]
[Board "1"]

1. e4 c5 2. Nf3 d6 3. Nc3 Nf6 4. Bb5+ Nbd7 5. d4 cxd4 6. Qxd4 a6 7. Bxd7+
Nxd7 8. Bg5 h6 9. Bh4 e5 10. Qd3 g5 11. Bg3 b5 12. O-O-O Bb7 13. Nd2 Rc8
14. f3 Qa5 15. Kb1 Nc5 16. Nb3 Qc7 17. Nxc5 Qxc5 18. Qe2 Qc4 19. Rd3 Be7
20. Nd1 Rg8 21. Ne3 Qc7 22. Rhd1 Rg6 23. Be1 Qb6 24. Bf2 Bf8 25. h4 gxh4
26. Bxh4 h5 27. Nf5 b4 28. Ng3 a5 29. Nxh5 Ba6 30. Nf6+ Rxf6 31. Bxf6 Be7
32. Bxe7 Bxd3 33. Qxd3 Kxe7 34. Qd2 Rg8 35. b3 Rg3 36. Kb2 Qc5 37. Rh1 Kd7
38. Kb1 Ke7 39. Kb2 Kd7 40. Rc1 Qb6 41. Re1 Ke7 42. Re2 Qb5 43. Qe3 a4 44.
bxa4 Qxa4 45. Rd2 Qc6 46. Kb1 Qa6 47. Qd3 Qb6 48. Qc4 Rg8 49. Kb2 Qb7 50.
Rd5 Rc8 51. Rb5 Rxc4 52. Rxb7+ Ke6 53. Rb6 f6 54. Kc1 Rd4 55. Rb8 f5 56.
exf5+ Kxf5 57. Rf8+ Ke6 58. Rh8 d5 59. Rh6+ Kf5 60. Rh5+ Kf6 61. g3 Rc4 62.
Kb2 Ke6 63. Rh6+ Ke7 64. Rh5 Ke6 65. Rh6+ Ke7 66. Rh4 Rc3 67. f4 exf4 68.
gxf4 Rf3 69. f5 Kd6 70. Rh6+ Kc5 71. Rf6 d4 72. Rf8 d3 73. cxd3 Rxd3 74.
Rc8+ Kb5 75. f6 Rf3 76. Rf8 Kc6 77. Kc2 Kc7 78. Kd2 Kd7 79. Rb8 Rxf6 80.
Rxb4 Rf2+ 81. Kc3 Rxa2 1/2-1/2

[Event "38th ECC Open 2023"]
[Site "Durres ALB"]
[Date "2023.10.07"]
[Round "7.4"]
[White "Pechac, Jergus"]
[Black "Volokitin, Andrei"]
[Result "1/2-1/2"]
[WhiteElo "2596"]
[BlackElo "2664"]
[EventDate "2022.10.01"]
[Board "2"]

1. d4 Nf6 2. c4 e6 3. Nf3 d5 4. Nc3 Bb4 5. Bg5 h6 6. Qa4+ Nc6 7. Bxf6 Qxf6
8. e3 O-O 9. Be2 dxc4 10. O-O Bd7 11. Bxc4 Bxc3 12. bxc3 Rfd8 13. Bb5 Be8
14. Qc2 Na5 15. Bxe8 Rxe8 16. Qa4 b6 17. c4 c5 18. dxc5 Rec8 19. cxb6 axb6
20. Rac1 Qb2 21. Rb1 Qe2 22. Nd4 Qxc4 23. Qd7 Rd8 24. Qe7 Nc6 25. Nxc6 Qxc6
26. Qb4 Rxa2 27. Qxb6 Qxb6 28. Rxb6 g5 29. h3 Kg7 30. Rbb1 Rd5 31. Ra1
1/2-1/2

[Event "38th ECC Open 2023"]
[Site "Durres ALB"]
[Date "2023.10.07"]
[Round "7.4"]
[White "Erdos, Viktor"]
[Black "Banusz, Tamas"]
[Result "1/2-1/2"]
[WhiteElo "2559"]
[BlackElo "2600"]
[EventDate "2022.10.01"]
[Board "3"]

1. e4 e5 2. Nf3 Nf6 3. Nxe5 d6 4. Nf3 Nxe4 5. d4 d5 6. Bd3 Bd6 7. O-O O-O
8. c4 c6 9. cxd5 cxd5 10. Nc3 Nxc3 11. bxc3 Bg4 12. Rb1 Nd7 13. h3 Bh5 14.
Rb5 Nf6 15. Bg5 a6 16. Bxf6 Qxf6 17. Rxd5 Bxf3 18. Qxf3 Qxf3 19. gxf3 Rfd8
20. c4 Ba3 21. Be4 Rxd5 22. Bxd5 Rd8 23. Bxb7 Rxd4 24. Bxa6 Rd2 25. Re1 g6
26. Re5 Rxa2 27. Bb7 Rc2 28. Bd5 Kf8 29. Kf1 Bc5 30. Re2 Rxe2 31. Kxe2 f5
1/2-1/2

[Event "38th ECC Open 2023"]
[Site "Durres ALB"]
[Date "2023.10.07"]
[Round "7.4"]
[White "Ivic, Velimir"]
[Black "Saric, Ivan"]
[Result "1/2-1/2"]
[WhiteElo "2562"]
[BlackElo "2647"]
[EventDate "2022.10.01"]
[Board "4"]

1. e4 c5 2. Nf3 e6 3. c3 Nf6 4. e5 Nd5 5. d4 cxd4 6. cxd4 d6 7. Bc4 dxe5 8.
dxe5 Be7 9. O-O O-O 10. Qe2 Bd7 11. Rd1 Bc6 12. Nd4 Bc5 13. Nc3 Nxc3 14.
bxc3 Qc7 15. Bf4 Nd7 16. h4 Nb6 17. Bb3 Nd5 18. Bd2 Rae8 19. Re1 Kh8 20. h5
Bxd4 21. cxd4 f5 22. exf6 Rxf6 23. Qg4 Qf7 24. f3 Nf4 25. Re5 Rf8 26. Bxf4
Rxf4 27. Qxe6 Qxe6 28. Rxe6 Rxd4 29. Rae1 a5 30. Re7 a4 31. Bf7 Rf4 32. Rd1
h6 33. Bg6 Rc8 34. Kf2 Kg8 35. Ke3 Rff8 36. Rd6 Rfd8 37. Rxd8+ Rxd8 38. Rc7
a3 39. Bf7+ Kf8 40. Bb3 Re8+ 41. Kf4 Re7 42. Rc8+ Re8 43. Rc7 Re7 44. Rc8+
1/2-1/2

[Event "38th ECC Open 2023"]
[Site "Durres ALB"]
[Date "2023.10.07"]
[Round "7.4"]
[White "Brkic, Ante"]
[Black "Balog, Imre"]
[Result "0-1"]
[WhiteElo "2606"]
[BlackElo "2622"]
[EventDate "2022.10.01"]
[Board "5"]

1. e4 e6 2. d4 d5 3. Nc3 Nf6 4. Bg5 Be7 5. e5 Nfd7 6. h4 Nc6 7. Qd2 h6 8.
Bxe7 Qxe7 9. f4 Nb6 10. Nf3 Bd7 11. Nd1 f6 12. Ne3 O-O-O 13. O-O-O fxe5 14.
fxe5 Be8 15. h5 Bf7 16. Be2 Rhf8 17. a3 Bg8 18. Bb5 Nb8 19. Bd3 c5 20. c3
Nc6 21. Bc2 Kb8 22. Kb1 Rd7 23. Nh4 cxd4 24. cxd4 Rc8 25. Ng6 Qg5 26. g4
Bh7 27. Rhf1 Rdc7 28. Rf2 Ne7 29. Ka2 Nxg6 30. hxg6 Bxg6 31. Bxg6 Qxg6 32.
Rdf1 a6 33. Rf8 Ka7 34. Rxc8 Rxc8 35. Rf4 Qe8 36. Qb4 Rc1 37. Qd2 Qc8 38.
Rf7 Rc7 39. Rxc7 Qxc7 40. b3 Nd7 41. Kb2 Nb8 42. Nc2 Nc6 43. Qf4 Qe7 44. b4
Kb8 45. Kb3 Kc8 46. Ne1 Nd8 47. Nd3 b6 48. a4 Qc7 49. Nb2 Nf7 50. Qf1 Kb7
51. b5 a5 52. Nd1 Qe7 53. Kc2 Ng5 54. Nc3 Kc7 55. Kd3 Kd8 56. Qf4 Ke8 57.
Kc2 Qb4 58. Qe3 Qf8 59. Qd3 Qf4 60. Nxd5 exd5 61. Qg6+ Qf7 62. Qxb6 Qf2+
63. Kb3 Qe3+ 64. Kc2 Qe2+ 65. Kc1 Qc4+ 66. Kb2 Qb4+ 67. Kc1 Qc3+ 68. Kb1
Ne4 69. Qb8+ Kf7 70. Qb7+ Kg6 0-1

[Event "38th ECC Open 2023"]
[Site "Durres ALB"]
[Date "2023.10.07"]
[Round "7.4"]
[White "Korpa, Bence"]
[Black "Markus, Robert"]
[Result "1/2-1/2"]
[WhiteElo "2522"]
[BlackElo "2578"]
[EventDate "2022.10.01"]
[Board "6"]

1. d4 Nf6 2. c4 g6 3. Nf3 Bg7 4. g3 O-O 5. Bg2 d6 6. O-O Nbd7 7. Nc3 e5 8.
e4 exd4 9. Nxd4 Re8 10. h3 Nc5 11. Re1 Bd7 12. Bf4 h6 13. Qc2 Nfxe4 14.
Nxe4 Bxd4 15. Qd2 Bg7 16. Nxc5 dxc5 17. Bxh6 Be6 18. Qxd8 Raxd8 19. Bxg7
Kxg7 20. b3 c6 21. Rad1 Rh8 22. g4 b5 23. Rxd8 Rxd8 24. Re5 Rd1+ 25. Kh2
bxc4 26. bxc4 Rd2 27. Kg3 Rxa2 28. Rxc5 Ra4 29. Rxc6 Rxc4 30. Ra6 Rc3+ 31.
Kf4 Rc4+ 32. Kg3 1/2-1/2